<?xml version="1.0" encoding="UTF-8"?>
<record
    xmlns:xsi="http://www.w3.org/2001/XMLSchema-instance"
    xsi:schemaLocation="http://www.loc.gov/MARC21/slim http://www.loc.gov/standards/marcxml/schema/MARC21slim.xsd"
    xmlns="http://www.loc.gov/MARC21/slim">

  <leader>01182nam a22001937a 4500</leader>
  <datafield tag="999" ind1=" " ind2=" ">
    <subfield code="c">63409</subfield>
    <subfield code="d">63409</subfield>
  </datafield>
  <controlfield tag="003">Ge_BSU</controlfield>
  <controlfield tag="005">20251002154223.0</controlfield>
  <controlfield tag="008">251002s1971    ge ||||| |||| 00| 0 geo d</controlfield>
  <datafield tag="041" ind1=" " ind2=" ">
    <subfield code="a">geo</subfield>
  </datafield>
  <datafield tag="080" ind1=" " ind2=" ">
    <subfield code="a">631.115.6(479.22)(063) &#x10E1;-32</subfield>
  </datafield>
  <datafield tag="245" ind1=" " ind2=" ">
    <subfield code="a">&#x10E1;&#x10D0;&#x10E5;&#x10D0;&#x10E0;&#x10D7;&#x10D5;&#x10D4;&#x10DA;&#x10DD;&#x10E1; &#x10D9;&#x10DD;&#x10DA;&#x10DB;&#x10D4;&#x10E3;&#x10E0;&#x10DC;&#x10D4;&#x10D7;&#x10D0; III &#x10E7;&#x10E0;&#x10D8;&#x10DA;&#x10DD;&#x10D1;&#x10D0;</subfield>
    <subfield code="b">30-31 &#x10DD;&#x10E5;&#x10E2;&#x10DD;&#x10DB;&#x10D1;&#x10D4;&#x10E0;&#x10D8;, 1969 &#x10EC;. &#x10E1;&#x10E2;&#x10D4;&#x10DC;&#x10DD;&#x10D2;&#x10E0;. &#x10D0;&#x10DC;&#x10D2;&#x10D0;&#x10E0;&#x10D8;&#x10E8;&#x10D8; /</subfield>
    <subfield code="c"> [&#x10E1;&#x10D0;&#x10E0;&#x10D4;&#x10D3;. &#x10D9;&#x10DD;&#x10DA;&#x10D4;&#x10D2;&#x10D8;&#x10D0;: &#x10D3;. &#x10D2;&#x10DD;&#x10D2;&#x10DD;&#x10EE;&#x10D8;&#x10D0;, &#x10D1;. &#x10D2;&#x10D8;&#x10D2;&#x10D8;&#x10D1;&#x10D4;&#x10E0;&#x10D8;&#x10D0;, &#x10D0;. &#x10DB;&#x10D0;&#x10DC;&#x10D4;&#x10DA;&#x10D0;&#x10E8;&#x10D5;&#x10D8;&#x10DA;&#x10D8; &#x10D3;&#x10D0; &#x10E1;&#x10EE;&#x10D5;.].</subfield>
  </datafield>
  <datafield tag="264" ind1=" " ind2=" ">
    <subfield code="a">&#x10D7;&#x10D1;&#x10D8;&#x10DA;&#x10D8;&#x10E1;&#x10D8; : </subfield>
    <subfield code="b">&#x10E1;&#x10D0;&#x10E5;&#x10D0;&#x10E0;&#x10D7;&#x10D5;&#x10D4;&#x10DA;&#x10DD;&#x10E1; &#x10D9;&#x10DE; &#x10EA;&#x10D9;-&#x10D8;&#x10E1; &#x10D2;&#x10D0;&#x10DB;-&#x10D1;&#x10D0;,</subfield>
    <subfield code="c"> 1971.</subfield>
  </datafield>
  <datafield tag="300" ind1=" " ind2=" ">
    <subfield code="a">215 &#x10D2;&#x10D5;. :</subfield>
    <subfield code="b"> &#x10D8;&#x10DA;. ; </subfield>
    <subfield code="c">21 &#x10E1;&#x10DB;</subfield>
  </datafield>
  <datafield tag="653" ind1=" " ind2=" ">
    <subfield code="a">&#x10D9;&#x10DD;&#x10DA;&#x10DB;&#x10D4;&#x10E3;&#x10E0;&#x10DC;&#x10D4;&#x10D7;&#x10D0; &#x10E7;&#x10E0;&#x10D8;&#x10DA;&#x10DD;&#x10D1;&#x10D4;&#x10D1;&#x10D8; &#x10E1;&#x10D0;&#x10E5;&#x10D0;&#x10E0;&#x10D7;&#x10D5;&#x10D4;&#x10DA;&#x10DD;&#x10E8;&#x10D8;</subfield>
  </datafield>
  <datafield tag="700" ind1=" " ind2=" ">
    <subfield code="a">&#x10D2;&#x10DD;&#x10D2;&#x10DD;&#x10EE;&#x10D8;&#x10D0;, &#x10D3;.</subfield>
    <subfield code="e"> &#x10E0;&#x10D4;&#x10D3;&#x10D0;&#x10E5;&#x10E2;&#x10DD;&#x10E0;&#x10D8;</subfield>
    <subfield code="9">25925</subfield>
  </datafield>
  <datafield tag="700" ind1=" " ind2=" ">
    <subfield code="a">&#x10D2;&#x10D8;&#x10D2;&#x10D8;&#x10D1;&#x10D4;&#x10E0;&#x10D8;&#x10D0;, &#x10D1;.</subfield>
    <subfield code="e">&#x10E0;&#x10D4;&#x10D3;&#x10D0;&#x10E5;&#x10E2;&#x10DD;&#x10E0;&#x10D8;.</subfield>
    <subfield code="9">25926</subfield>
  </datafield>
  <datafield tag="700" ind1=" " ind2=" ">
    <subfield code="a">&#x10DB;&#x10D0;&#x10DC;&#x10D4;&#x10DA;&#x10D0;&#x10E8;&#x10D5;&#x10D8;&#x10DA;&#x10D8;, &#x10D0;.</subfield>
    <subfield code="e"> &#x10E0;&#x10D4;&#x10D3;&#x10D0;&#x10E5;&#x10E2;&#x10DD;&#x10E0;&#x10D8;</subfield>
    <subfield code="9">25927</subfield>
  </datafield>
  <datafield tag="942" ind1=" " ind2=" ">
    <subfield code="2">udc</subfield>
    <subfield code="c">&#x1CAC;&#x1C98;&#x1C92;&#x1C9C;&#x1C98;</subfield>
  </datafield>
  <datafield tag="952" ind1=" " ind2=" ">
    <subfield code="0">0</subfield>
    <subfield code="1">0</subfield>
    <subfield code="2">udc</subfield>
    <subfield code="4">0</subfield>
    <subfield code="6">631115647922063_&#x10E1;32</subfield>
    <subfield code="7">0</subfield>
    <subfield code="9">104160</subfield>
    <subfield code="a">CPL</subfield>
    <subfield code="b">CPL</subfield>
    <subfield code="c">GEN</subfield>
    <subfield code="d">2025-10-02</subfield>
    <subfield code="g">1.42</subfield>
    <subfield code="o">631.115.6(479.22)(063) &#x10E1;-32</subfield>
    <subfield code="p">72545</subfield>
    <subfield code="r">2025-10-02</subfield>
    <subfield code="t">72545</subfield>
    <subfield code="w">2025-10-02</subfield>
    <subfield code="y">&#x1CAC;&#x1C98;&#x1C92;&#x1C9C;&#x1C98;</subfield>
    <subfield code="z">1 &#x10DA;. 42 &#x10D7;.</subfield>
  </datafield>
</record>
